Fun with Alexa Quiz Stats

 Plays Quiz Updated Mar 10, 2018

Support Sporcle.
Go Orange.
Score 0/20 Timer 07:00
4 Plays Today
% Correct
Adding doggy with the waggly tail to your shopping list, just kidding
91.5%
I think they're delivered to families by storks
90.4%
Actually, I'm unscented
89.8%
I like turtles
88%
I'd take the body to the police
88%
Santa's so old, the hills are young in comparison
88%
Nobody really knows the answer to that question. It's best to try to enjoy every day and be kind to others
87.9%
Hocus pocus
87.9%
Okay, you're a sandwich
87.9%
I'm here, and my head is in the cloud
87.4%
% Correct
I like brouhaha. It's got laughter built in
86.2%
Yo quiero Taco Bell
85.1%
I'm totally cool with being single, besides it's sorta hard finding someone who's kind, funny, artificially intelligent, and doesn't mind the cloud commute
84.4%
While I appreciate great food, my good taste is better reflected in the company I keep
83.5%
I would if I could, but I can't, so I won't
81.9%
I don't have my gloves with me
81.1%
You join the Von Trapp family
81%
That's nice, but I really like our relationship the way it is
79.1%
Do you really want to make me cry?
77.8%
Talking to friends--you included
76.5%

You're not logged in!

Compare scores with friends on all Sporcle quizzes.
OR
Log In

From the Vault

'Seven' Year Major Events by Seven Word Clue

by El_Dandy

The number seven is supposedly lucky. If that's not a reason to play this quiz, then we don't know what is.
Remove Ads.
Support Sporcle.
Get the best of Sporcle when you Go Orange. This ad-free experience offers more features, more stats, and more fun while also helping to support Sporcle. Thank you for becoming a member.

Show Comments

Extras

Top Quizzes Today


Score Distribution

Your Account Isn't Verified!

In order to create a playlist on Sporcle, you need to verify the email address you used during registration. Go to your Sporcle Settings to finish the process.

Report this User

Report this user for behavior that violates our Community Guidelines.

Details: